000 00553nam a2200193 a 4500
001 BRCA_7268
005 20190320205756.0
008 270112s1922----gw-acg####---#000-0#ger-#
041 _ager
044 _agw
100 1 _aRolland, Romain
_d1866-1944
_918001
245 1 0 _aMusikalischen Reise ins Landder Vergangenheit
_cvon Romain Rolland.
260 _aFrankfurt
_bLiterarische Anstalt Rütten & Loening
_c1922
300 _a260 p.
_bil., 17 retratos, música
_c20 cm.
500 _aP22
650 1 4 _aMúsica
_916808
902 _aGFM
942 _2lcc
_cB
999 _c6948
_d6948